| 000 | 01646cad a22002775a 4500 | ||
|---|---|---|---|
| 001 | E148207 | ||
| 008 | 090819s2009 xxk f s000 0 eng d | ||
| 020 | _a9780755975846 | ||
| 022 | 1 | _a0950-2254 | |
| 035 | _a(Sirsi) u148207 | ||
| 041 | 0 | _aeng | |
| 050 | 0 | 4 | _a711.558 $2 18 |
| 100 | 2 | _aMulholland, Shona | |
| 245 | 0 | 0 |
_aConsultation on the key findings and recommendations from the National Parks Review _banalysis of consultation responses _h[electronic resource] |
| 260 |
_aEdinbugh _bScottish Government Social Research _c2009 |
||
| 505 | 2 | _aExecutive summary -- Introduction -- The arrangement of free-standing NDPBS for each national park authority -- A ministerially chaired National Parks Strategy Group -- National park authorities working together -- The size of National Park Authority Boards -- The mix of members of National Park Authority Boards -- Appointment of conveners and deputy conveners -- Other comments -- Conclusions | |
| 520 | _aDiscusses the results of a consultation on the key findings and recommendations from the National Park Review, which took place between November 2008 and February 2009 (see E145974). Discusses the responses received to the consultation and looks at other available evidence. | ||
| 521 | _aAdvanced | ||
| 590 | _aKA | ||
| 651 | 4 |
_aScotland _y1999- |
|
| 690 | _aENVIRONMENTAL AND LAND CONSULTANCY-ENVIRONMENTAL MANAGEMENT-ENVIRONMENTAL CONSERVATION-LANDSCAPE CONSERVATION | ||
| 700 | 1 | _aGranville, Sue | |
| 700 | 1 | _aEmslie, Lisa | |
| 856 | 4 | 0 |
_uhttps://www.scotland.gov.uk/Publications/2009/07/07132657/0 _zView the report free of charge at www.scotland.gov.uk... |
| 942 | _n0 | ||
| 999 |
_c109950 _d109950 |
||